| 000 | 00476nam a22001577a 4500 | ||
|---|---|---|---|
| 008 | 201002b xxu||||| |||| 00| 0 eng d | ||
| 082 | _aCD16663 | ||
| 100 | _aBasnet, Tara | ||
| 245 | _aBridda briddaaharuko l herchahaka lagi parivarko bhumika | ||
| 260 |
_aMorang _bSukuna M. Campus _c2076 B. S. |
||
| 502 |
_aDissertation _bDegree in Education _cT U _d2076 B. S. |
||
| 546 | _aEnglish | ||
| 650 |
_aElderly people _928944 |
||
| 650 |
_afamily role _914659 |
||
| 942 |
_2ddc _cVM |
||
| 999 |
_c96448 _d96437 |
||